|
|
|
|
| LEADER |
00000nab a2200000 a 4500 |
| 001 |
vtls001004169 |
| 003 |
SK-MaSNL |
| 005 |
20260303041020.0 |
| 008 |
040720e19940201xo 0 slo |
| 035 |
|
|
|a RV4769
|
| 040 |
|
|
|a RVGKPD
|b slo
|c RVGKPD
|e AACR2
|
| 041 |
0 |
|
|a slo
|
| 044 |
|
|
|a xo
|c SK
|
| 080 |
|
|
|a 745.51
|2 1981
|
| 100 |
0 |
|
|a hj
|4 aut
|9 897415
|
| 245 |
1 |
0 |
|a Vytesané do dreva
|
| 500 |
|
|
|a správy
|
| 650 |
0 |
7 |
|a náhrobné kamene
|2 snkbucl
|9 50274
|
| 650 |
0 |
7 |
|a remeselná výroba
|2 snkbucl
|9 2354
|
| 651 |
|
7 |
|a Silica (Slovensko)
|2 RVGKPD
|9 19747
|
| 655 |
|
7 |
|a periodikum
|2 snkbucl
|9 29553
|
| 773 |
0 |
8 |
|t Práca
|g Roč. 49, č.25, 1.2.1994, s. 4
|
| 852 |
|
|
|a ZVYKNI
|b KIS3GCP
|
| 999 |
|
|
|c 1684821
|d 1686751
|